000 00210 a2200097 4500
001 125495
040 _cEscola Canadense de Niteroi
100 _aAdrados, Isabel
245 1 0 _aOrientação Infantil
942 _cREF
999 _c125495
_d125495